000 00534nam a2200205Ia 4500
003 OSt
005 20220926035453.0
006 a|||||r|||| 00| 0
007 ta
008 220923b |||||||| |||| 00| 0 eng d
037 _cGeneral Book
040 _aRTL
_cRTL
_beng
041 _2eng
_aeng
082 _aY:4:69(Y), J0
100 _aTrecker Harleigh B
_9342347
245 0 _aGroup process in administration
260 _c1950
942 _hY:4:69(Y), J0
_cGB
_2CC
999 _c662294
_d662294